| 000 | 00391 a2200133 4500 | ||
|---|---|---|---|
| 001 | 91582 | ||
| 082 | _aPR 1545 | ||
| 090 |
_c43731 _d43730 |
||
| 100 | _aUsman, M.: Prof Farooq-e-Azam and Tauqeer, Advisors | ||
| 245 |
_aDesign and Development of Matlab Based GUI for Control System Analysis _n54 "B" EC |
||
| 260 |
_aRawalpindi _bNUST _c2001 |
||
| 300 | _a67p | ||
| 500 | _aBE Project Reports | ||
| 942 |
_aCAE NUST _kPR 1545 |
||
| 999 |
_c326655 _d326655 |
||